Načítá se...

India wins freedom

Podrobná bibliografie
Hlavní autor: Azad, Maulana Abul Kalam
Médium: Printed Book
Vydáno: Hyderabad Orient Longman 1997
Vydání:1st.
Témata:
LEADER 00638cam a2200169ua 4500
020 |a 81-250-0514-5 
082 |a 928 M  |b AZA/I 
100 |a Azad, Maulana Abul Kalam  
245 1 0 |a India wins freedom  
250 |a 1st. 
260 |a Hyderabad  |b Orient Longman  |c 1997 
300 |a 283p. 
650 0 |a India - History - Freedom struggle 
942 |c BK 
999 |c 8829  |d 8829 
952 |0 0  |1 0  |4 0  |6 928_000000000000000_M_AZAI  |7 0  |9 9207  |a KUCL  |b KUCL  |d 2014-05-23  |l 0  |o 928 M AZA/I  |p 02150  |r 2014-05-23  |y BK 
952 |0 0  |1 0  |4 0  |6 928_000000000000000_M_AZAI  |7 0  |8 Stack  |9 43054  |a KUCL  |b KUCL  |c Stack  |d 2016-06-28  |g 295.00  |l 6  |m 1  |o 928 M AZA/I  |p 41410  |r 2017-10-09  |s 2017-09-08  |y BK